| 000 | 00673nam a2200229 a 4500 | ||
|---|---|---|---|
| 005 | 20240925065146.0 | ||
| 008 | 020226s1995 es r 000 0 spa d | ||
| 020 | _a847112324X | ||
| 035 | _aUPN01000116492 | ||
| 049 | _aCG | ||
| 050 | 4 |
_aHM251 _bB4.5 1995 |
|
| 100 | 1 | _aBlanco Abarca, Amalio | |
| 245 | 1 | 0 |
_aCinco tradiciones en la psicología social / _cAmalio Blanco Abarca. |
| 250 | _a2a ed. | ||
| 260 |
_aMadrid : _bMorata, _c1995. |
||
| 300 | _a327 p. | ||
| 440 | 0 |
_aSociología. _pDemos |
|
| 590 | _aBibliografía Básica (BGTQ) | ||
| 590 | _a(También localizas un ejemplar en el "Area de Reserva") | ||
| 650 | 4 |
_aPsicología social _95889 |
|
| 905 | _aLibro | ||
| 999 |
_c89229 _d89229 |
||